Länder mit Gebirgen🏔️ - Sudden Death - Statistiken

Allgemein
  • Dieses Quiz wurde 341 mal gespielt
  • Das Durchschnittsergebnis liegt bei 4 aus 10
Answers on the Grid
Answers color-coded by a green-red scale on the quiz's grid according to % correct below.
Chile - Ojos del Salado
Deutschland - Zugspitze
Spanien - Pico del Teide
Kanada - Mt Logan
Rumänien - Moldoveanu
Schottland - Ben Nevis
Brasilien - Pico da Neblina
Ă–sterreich - GroĂźglockner
Italien - Mont Blanc
Kongo - Mikeno
Ägypten - Dschabal Katrina
Schweiz - Matterhorn
Papua-Neuguinea - Mt Wilhelm
Russland - Elbrus
Pakistan - K2
Indien - Kabru
Jemen - Dschabal an-Nabi Schu'aib
Serbien - Besna kobila
Vatikan - Vatikanischer HĂĽgel
Bangladesch - Keokraong
 
Antwortstatistiken
Antwort % Korrekt
Pakistan - K2
68%
Russland - Elbrus
59%
Italien - Mont Blanc
57%
Schweiz - Matterhorn
52%
Chile - Ojos del Salado
43%
Indien - Kabru
43%
Kanada - Mt Logan
37%
Bangladesch - Keokraong
19%
Papua-Neuguinea - Mt Wilhelm
15%
Kongo - Mikeno
12%
Keine ĂĽbereinstimmenden Quizze gefunden
Verteilung der Resultate
Anzahl Personen mit jedem Resultat
Perzentil nach korrekt beantworteten Fragen
Ihre Resultats-Entwicklung
Sie haben dieses Quiz noch nicht gespielt